|
|
|
|
| LEADER |
02109nam a22003733i 4500 |
| 001 |
EBC30229696 |
| 003 |
MiAaPQ |
| 005 |
20240729202204.0 |
| 006 |
m o d | |
| 007 |
cr cnu|||||||| |
| 008 |
240729s2020 xx o ||||0 eng d |
| 020 |
|
|
|a 9789179298883
|q (electronic bk.)
|
| 035 |
|
|
|a (MiAaPQ)EBC30229696
|
| 035 |
|
|
|a (Au-PeEL)EBL30229696
|
| 035 |
|
|
|a (OCoLC)1366125425
|
| 040 |
|
|
|a MiAaPQ
|b eng
|e rda
|e pn
|c MiAaPQ
|d MiAaPQ
|
| 100 |
1 |
|
|a Mileros, Martin Daniel.
|
| 245 |
1 |
0 |
|a Mind Your Own Business :
|b Understanding and Characterizing Value Created by Consumers in a Digital Economy.
|
| 250 |
|
|
|a 1st ed.
|
| 264 |
|
1 |
|a Linköping :
|b Linkopings Universitet,
|c 2020.
|
| 264 |
|
4 |
|c {copy}2020.
|
| 300 |
|
|
|a 1 online resource (109 pages)
|
| 336 |
|
|
|a text
|b txt
|2 rdacontent
|
| 337 |
|
|
|a computer
|b c
|2 rdamedia
|
| 338 |
|
|
|a online resource
|b cr
|2 rdacarrier
|
| 490 |
1 |
|
|a Linköping Studies in Science and Technology. Licentiate Thesis Series ;
|v v.1873
|
| 505 |
0 |
|
|a Intro -- Abstract -- Sammanfattning -- Acknowledgements -- Table of contents -- List of figures -- List of tables -- 1 Introduction -- 2 Literature review -- 3 Research methodology -- 4 Summary of the papers -- 5 Analysis and discussion -- 6 Conclusions -- References -- Appendix A - Descriptions of related concepts -- Appendix B - The blockchain - How does it work? -- Appendix C - Trend chart of concepts -- Appendix D - Statements (quotes) -- II PART II: PAPERS.
|
| 588 |
|
|
|a Description based on publisher supplied metadata and other sources.
|
| 590 |
|
|
|a Electronic reproduction. Ann Arbor, Michigan : ProQuest Ebook Central, 2024. Available via World Wide Web. Access may be limited to ProQuest Ebook Central affiliated libraries.
|
| 655 |
|
4 |
|a Electronic books.
|
| 776 |
0 |
8 |
|i Print version:
|a Mileros, Martin Daniel
|t Mind Your Own Business
|d Linköping : Linkopings Universitet,c2020
|
| 797 |
2 |
|
|a ProQuest (Firm)
|
| 830 |
|
0 |
|a Linköping Studies in Science and Technology. Licentiate Thesis Series
|
| 856 |
4 |
0 |
|u https://ebookcentral.proquest.com/lib/matrademy/detail.action?docID=30229696
|z Click to View
|